Сини землі: повість з українського життя в Канаді (Запис № 458784)

МАРК-запис
000 -Лідер
fixed length control field 04153 a2200229 4500
003 - Ідентифікатор контрольного номера
control field UA-OsUOA
005 - Дата та час останнього входження (трансакції)
control field 20220509221109.0
008 - Елементи даних фіксованої довжини – загальна інформація
fixed length control field 200413b un ||||| |||| 00| 0 ukr d
040 ## - Джерело каталогізації
Агенція оригінальної каталогізації UA-OsUOA
Мова каталогізації ukr
Агенція, яка здійснювала перезапис UA-OsUOA
Агенція, яка здійснювала модифікацію UA-OsUOA
041 ## - Код мови
Код мови тексту/ звукової доріжки чи окремого заголовка (П) ukr
080 ## - Індекс Універсальної десяткової класифікації
Індекс Універсальної десяткової класифікації (УДК) (НП) 821.161.2
090 ## - Локальний шифр розміщення
Класифікаційний індекс УДК 821.161.2
Авторський знак (НП) К48
100 ## - Основне введення – ім’я особи
Ім’я особи (НП) Киріяк І.
245 ## - Відомості про назву
Назва (НП) Сини землі: повість з українського життя в Канаді
Дані про відповідальність (НП) Ілля Киріяк
260 ## - Публікація, розповсюдження і т.п. (Вихідні дані)
Дата публікації, розповсюдження і т.п. (П) 2018
Місце публікації, розповсюдження і т.п. (П) К.
Ім’я/ наймення видавництва, розповсюджувача і т.п. (П) ВІПОЛ
300 ## - Фізичний опис
Обсяг 752 с.
520 ## - Резюме і т.п.
Резюме, реферат, анотація, тощо (НП) Унікальна трилогія талановитого та самобутнього письменника Іллі Киріяка "Сини землі" нарешті у "старому краї", про який так багато ностальгують герої його роману. Цей розлогий художньо-літературний опис української колонізації на заході Канади наприкінці XIX - початку ХХ століть стане справжнім подарунком для поціновувачів художньої літератури незалежної України. Читачі мають можливість відкрити для себе сповнене трагізму та здобутками соціальне, культурне й економічне життя перших українських переселенців, які подужали безлюдні канадські степи, дикі корчі, неприступний ліс і перетворили цю землю на широкі лани пшениці. Окрім того, наші земляки будували канадські транснаціональні залізниці, прокладали канадійські шляхи й дороги, створювали спільні з представниками інших народів родини, словом, перетворили у той час малолюдні й неосвоєні простори у культурну, величну й сучасну країну, яка стала "своєю", а відтак - новою Батьківщиною. Таким чином українці стали одними із вагомих "акціонерів" держави Канада. "Сини землі" будуть знахідкою для всіх, хто цікавиться українською історією, соціологією, етнографією. Твір особливо багатий на давні фольклорні ідіоми та не менш давні приказки, показує побут та мову українських ("русинських") імігрантів з колишньої Габсбурської (Австро-Угорської) імперії. Роман визнаний літературними критиками як один із найуспішніших та найамбітніших серед літературних творів, які будь-коли були написані українською мовою в Канаді. Відтак читачеві буде цікаво познайомитись також із життєписом його автора - Іллі Кирияка. І не лише як письменника, але й як журналіста та активного громадського діяча. Перевидання роману в Україні саме у 2018 році вважаємо складовою відзначення 130-ї річниці народження автора та відкриття його як письменника для широкого загалу українців.
650 ## - Додаткове предметне введення – тематичний термін
Джерело заголовка чи терміна UDC
Тематичний термін чи географічна назва, як елемент введення (НП) 821 Художня література окремими мовами і мовними сім'ями
942 ## - Додаткові елементи входу (Коха)
Тип елемента Koha Книги
Source of classification or shelving scheme Universal Decimal Classification
955 ## - Код типу видання за змістом
Код типу видання за змістом (НП) Літературно-художні видання
Фонди
Стан вилучень Стан втрат Джерело класифікації або схеми стелажів Стан уражень Не для кредиту Код колекції Постійне місце розташування Поточне розміщення Дата придбання Джерело придбання Вартість, звичайна ціна покупки Усього замовленно Повний номер виклику Штрих-код Дата останнього перегляду Вартість, ціна заміни Ціна ефективна від Тип елемента Koha
    Universal Decimal Classification     Колекція Кралюка П.М. ЧЗ - Читальна зала ЧЗ - Читальна зала 13/04/2020 №7/06.04.20 45.00   821.161.2 К48 162491 06/02/2022 45.00 13/04/2020 Книги